000 00275nam a22001337a 4500
008 170630b xxu||||| |||| 00| 0 eng d
020 _a360657
041 _aeng
080 _25TH
_a575
100 _a9
101 _aSHM
245 _aGENETICS
_cWINCHESTER
942 _2udc
_cBK
999 _c19770
_d19770